| 000 | 02156cam a22003852 b4500 | ||
|---|---|---|---|
| 001 | 10355184 | ||
| 003 | Nust- CAS-E | ||
| 005 | 20180118181409.0 | ||
| 006 | m d | ||
| 007 | cr n | ||
| 008 | 120411e20121204nju s|||||||| ||eng|d | ||
| 020 | _a9781118217535 | ||
| 020 |
_a1118217535 (Online Resource) _cUSD 79.95 Retail Price (Publisher) |
||
| 024 | 3 | _a9781118217535 | |
| 035 | _a(WaSeSS)ssj0000810592 | ||
| 037 | _b00028608 | ||
| 040 |
_aBIP US _dWaSeSS _cDDC |
||
| 082 |
_223 _a620.14 _bCER 2013 |
||
| 210 | 1 | 0 | _aCeramic Materials for Energy Applications II |
| 245 | 0 | 0 |
_aCeramic Materials for Energy Applications II _h[electronic resource]: _bCeramic Engineering and Science Proceedings |
| 260 |
_bWiley-American Ceramic Society [Imprint] _cDec. 2012 _aHoboken : _bJohn Wiley & Sons, Incorporated |
||
| 440 | 0 |
_aCeramic Engineering and Science Proceedings Ser. _v586 |
|
| 502 | _a0 | ||
| 506 | _aLicense restrictions may limit access. | ||
| 520 | 8 |
_aAnnotation _bDedicated to the innovative design and use of ceramic materials for energy applications, this issue brings readers up to date with some of the most important research discoveries and new and emerging applications in the field. Contributions come from the proceedings of three symposia, as well as the European Union-USA Engineering Ceramics Summit. The three symposia are: Ceramics for Electric Energy Generation, Storage, and Distribution; Advanced Ceramics and Composites for Nuclear and Fusion Applications; and Advanced Materials and Technologies for Rechargeable Batteries. An abundance of charts, tables, and illustrations are included throughout. |
|
| 521 |
_aScholarly & Professional _bJohn Wiley & Sons, Incorporated |
||
| 700 | 1 |
_aBelharouak, Ilias _eEditor _4edt |
|
| 700 | 1 |
_aKatoh, Yutai _eEditor _4edt |
|
| 700 | 1 |
_aLin, Hua-Tay _eEditor _4edt |
|
| 710 | 1 |
_aFox Software, Inc. Staff _eEditor _4edt |
|
| 773 | 0 | _tWiley-Blackwell Online Books | |
| 856 | 4 | 0 |
_uhttp://www.columbia.edu/cgi-bin/cul/resolve?clio10355184 _zFull text available from Wiley-Blackwell Online Books |
| 910 | _aBowker Global Books in Print record | ||
| 942 |
_2ddc _cBK |
||
| 999 |
_c355666 _d355666 |
||